|
|
|
|
| LEADER |
00936nam a2200277 4500 |
| 001 |
DLU090070322 |
| 005 |
##20090525 |
| 040 |
# |
# |
|a DLU
|b eng
|
| 041 |
# |
# |
|a eng
|
| 044 |
# |
# |
|a UK
|
| 100 |
# |
# |
|a Cornish, Graham P.
|
| 245 |
# |
# |
|a Book review : Libraries without walls 6 : Evaluating the distributed delivery of library services edited, by Peter Brophy, Jenny Craven and Margaret Markland /
|c Graham P. Cornish.
|
| 653 |
# |
# |
|a ILL
|
| 653 |
# |
# |
|a Information management
|
| 653 |
# |
# |
|a Library collection access
|
| 653 |
# |
# |
|a Library management
|
| 773 |
# |
# |
|t Journal of Librarianship and Information Science
|g Vol. 39, no. 4 (December 2007), p. 249-250
|
| 920 |
# |
# |
|a Phòng Tạp chí -- Trung tâm Thông tin - Thư viện Trường Đại học Đà Lạt
|
| 994 |
# |
# |
|a DLU
|
| 900 |
# |
# |
|a True
|
| 911 |
# |
# |
|a Trương Bảo Trâm Anh
|
| 925 |
# |
# |
|a G
|
| 926 |
# |
# |
|a A
|
| 927 |
# |
# |
|a BB
|
| 980 |
# |
# |
|a Thư viện Trường Đại học Đà Lạt
|